000 01027nam a2200277Ia 4500
001 Para_9947
003 CHAP
008 220125sNovi xx 000 0 und d
010 _a208611
040 _cCHAP
090 _aPA CD - TESIS 33
100 _aMoráles López, Federico
_978316
245 _aInfluencia de coberturas vivas y mantillos en el crecimiento de zarzamora (Rubus fruticosus L. agg.) y su compentencia con malezas. /
_c Federico Moráles López; Director José Alfredo Domínguez Valenzuela
260 _aChapingo, Méx. :
_b el autor
300 _a1 CD ROM (54 p.)
502 _aTesis (Ing. Agr. Esp. en Parasitología Agrícola). UACh. Departamento Parasitología Agrícola
700 _aDomínguez Valenzuela, José Alfredo
_933907
710 _aUACh. Departamento Parasitología Agrícola
_9164025
901 _aPA CD - TESIS 33
902 _aM
905 _a513220Noviembre, 2010 xmn 8100000000 06
910 _aNovi
942 _cPARA
942 _cPARA
_d2
999 _c208611
_d208611